| 000 | 01571nam a2200325 a 4500 | ||
|---|---|---|---|
| 003 | DO-SdBNP | ||
| 005 | 20220505084850.0 | ||
| 007 | ta | ||
| 008 | 220504e2019 dr aoc|| |||| 001 0dspa d | ||
| 020 | _a9789945613292 | ||
| 040 |
_aDO-SdBNP _bspa _cBNPHU |
||
| 082 | 4 |
_222 _bG643e |
|
| 100 | 1 |
_955788 _aGonzález Tejera, Natalia |
|
| 245 |
_aEl exilio español en República dominicana 1939-1940 / _cNatalia González Tejera, Montserrat Prats García, Constancio Cassá Bernaldo de Quirós. |
||
| 260 |
_aSanto Domingo : _bBúho, _c2019 |
||
| 300 |
_a138 p. : _bil., fotogr., retr. ; _c30 cm. |
||
| 490 |
_aArchivo General de la Nación; _v365 |
||
| 500 | _aIncluye datos biográficos de los autores en las solapas de las cubiertas. | ||
| 504 | _aBibliografía: p.137 - 138 | ||
| 505 | 0 |
_aPresentación. _rRoberto Cassá. |
|
| 505 | 4 |
_aIntroducción. _tI. La llegada.-- _tII. Fichas.-- _t III. Las colonias agrícolas de refugiados españoles.-- _tIV. Vida cultural y social.-- _tV. Vida política.-- _tVI. Visitantes distinguidos.-- _tVII. Arte.-- _t VIII. Familias.-- _t IX. Participación de los refugiados en la vida democrática dominicana.-- _tX. Bibliografía. |
|
| 590 | _aInventariado 2022 / MF | ||
| 650 | 4 |
_913103 _aEspañoles _xHistoria _zRepública Dominicana |
|
| 650 | 4 |
_969410 _aRefugiados Políticos españoles _zRepública Dominicana |
|
| 700 | 1 |
_aPrats García, Montserrat _981548 |
|
| 700 | 1 |
_95204 _aCassá Bernaldo de Quirós, Constancio, _d1953- |
|
| 830 |
_aArchivo General de la Nación; _lspa _n365 _981547 |
||
| 910 | _aMFeliz | ||
| 942 |
_2ddc _cLBS1 |
||
| 999 |
_c51639 _d51639 |
||